Anagrammes biathlon - Statistiques

Statistiques générales
  • Ce quiz a été pris 98 fois
  • Le résultat moyen est 9 sur 15
Statistiques - réponses
Hint Réponse % Correct
obe Johannes Boe
100%
ltoilnlamfile- Quentin Fillon-Maillet
95%
qcuanilje Emilien Jacquelin
80%
insmo Julia Simon
72%
rhacird Jeanne Richard
66%
uamnosesls Sebastian Samuelsson
66%
ntoonanmje Lou Jeanmonnot
64%
rewrei Dorothea Wierer
61%
ssepur Franziska Preuss
60%
eogrb Elvira Oberg
55%
riaeglde Sturla Laegreid
52%
chelmnio Océane Michelon
49%
rnaoddtevl Ingrid Tandrevold
38%
uldace Fabien Claude
29%
oggnuitan Antonin Guigonnat
28%
Aucun quiz correspondant
Distribution des résultats
% des personnes avec chaque résultat
Percentile par nombre de réponses
Votre historique - résultats
Vous n’avez pas pris ce quiz